000 00441nam a22001697a 4500
999 _c164087
_d164087
005 20190509160654.0
010 _aB-492830
020 _c50.00
035 _aB-492830
037 _bNeelam Publications
082 _a620.106
100 _aKundra, S.K
245 _aScience for tenth class /
_cS.K Kundra
260 _aDelhi
_bNeelam Publications
_c1993
300 _a225p
_c24cm (hbk)
942 _2ddc
_cEN
_h620.106
_mKUN